Score 0/32 Timer 03:00
0 Plays Today
Hint 3-Letter Word % Correct
☭ Seventh Commandment:
“___ animals are created equal.” ☭
ALL
96.8%
Type of beerALE
94.4%
Nocturnal bird of preyOWL
92.5%
Liquid lubricantOIL
90%
Bullfighter's shoutOLE
89.3%
Sharp tool for piercingAWL
88.5%
Hur, Vereen, or AffleckBEN
86.6%
Zodiac lionLEO
85.6%
'Sing' without wordsHUM
84.8%
Bottom edge of skirtHEM
84.3%
Fleshy tooth holderGUM
82.8%
Crow callCAW
81.6%
In fifties music comes before 'wop'DOO
80.4%
☭ Rebelled against egg contract ☭HEN
77.2%
To prohibitBAN
76.9%
☭ Fired at anniversaries of Rebellion and Battle ☭GUN
76.5%
Hint 3-Letter Word % Correct
☭ Napoleon, Snowball, or Squealer ☭PIG
75.8%
☭ Fourth Commandment:
“No animal shall sleep in a ___.” ☭
BED
75.7%
Whitney's cotton machineGIN
75.5%
Storage containerBIN
74.7%
Wood pin on which things can be hungPEG
74.5%
Latin for God: '___ volente'DEO
72.9%
☭ Battle of the ___shed ☭COW
72.3%
☭ “Four ___s good, two ___s [Rung 21].” ☭LEG
71%
☭ “Four [Rung 12]s good, two [Rung 12]s ___.” ☭BAD
70.2%
☭ ___ Major, who dreamed of the Revolution ☭OLD
67.6%
Dishonorable manCAD
66.9%
Soft, seedy pear-shaped fruit FIG
63.5%
Tooth on a gearCOG
63.3%
☭ Member of Napoleon’s “secret police” ☭DOG
60.6%
Small currency of some Middle Eastern countriesFIL
58.5%
☭ What Napoleon became like in the end ☭MAN
50.4%

Today's Daily Dose

Remove Ads.
Support Sporcle.
Get the best of Sporcle when you Go Orange. This ad-free experience offers more features, more stats, and more fun while also helping to support Sporcle. Thank you for becoming a member.

You're not logged in!

Compare scores with friends on all Sporcle quizzes.
OR
Log In

Show Comments

Extras

Top Quizzes Today


Score Distribution

Your Account Isn't Verified!

In order to create a playlist on Sporcle, you need to verify the email address you used during registration. Go to your Sporcle Settings to finish the process.

Report this User

Report this user for behavior that violates our Community Guidelines.

Details: